000 00509nam a2200205Ia 4500
003 0100
008 130307s9999 xx 000 0 und d
040 _cARRUPELIB
050 _aPC5067.5.B45 1957
245 4 _aThe Berlitz self-teacher
245 _bPortuguese
260 _aNew York
260 _bGrosset & Dunlap Publishers
260 _c1957
300 _a286p.
300 _b25 cm.
650 _bCatholic Church - Doctrines - History - 20th century
650 _cPapal documents
942 0 0 _01
999 _c100284
_d100284